العلم الإغريقي / (رقم التسجيلة. 180560)

تفاصيل مارك
000 -LEADER
fixed length control field 01605namaa2200397 i 4500
003 - CONTROL NUMBER IDENTIFIER
control field EG-GICUC
005 - DATE AND TIME OF LATEST TRANSACTION
control field 20260617124638.0
008 - FIXED-LENGTH DATA ELEMENTS--GENERAL INFORMATION
fixed length control field 260617s2011 ua ||||gr|||| 000 0 ara d
017 ## - COPYRIGHT OR LEGAL DEPOSIT NUMBER
Copyright or legal deposit number 2011 / 5052
Assigning agency دار الكتب والوثائق القومية(مصر)
020 ## - INTERNATIONAL STANDARD BOOK NUMBER
International Standard Book Number 9789777044947
040 ## - CATALOGING SOURCE
Original cataloging agency EG-GiCUC
Language of cataloging ara
Transcribing agency EG-GiCUC
Modifying agency EG-GiCUC
Description conventions rda
041 ## - LANGUAGE CODE
Language code of text/sound track or separate title ara
Language code of original eng
082 04 - DEWEY DECIMAL CLASSIFICATION NUMBER
Edition number 21
Classification number 509
Item number F246
092 04 - LOCALLY ASSIGNED DEWEY CALL NUMBER (OCLC)
Edition number 21
Classification number 509
Item number F246
099 ## - LOCAL FREE-TEXT CALL NUMBER (OCLC)
Classification number 509 F246
100 1# - MAIN ENTRY--PERSONAL NAME
Personal name فارنتن، بنيامين،
Dates associated with a name 1891-1974
Relator term مؤلف.
240 1# - UNIFORM TITLE
Uniform title Greek science
Language of a work Arabic
245 12 - TITLE STATEMENT
Title العلم الإغريقي /
Statement of responsibility, etc. تأليف بنيامين فارنتن ؛ ترجمة أحمد شكري سالم ؛ مراجعة حسين كامل أبو الليف.
250 ## - EDITION STATEMENT
Edition statement الطبعة الأولى.
264 ## - PRODUCTION, PUBLICATION, DISTRIBUTION, MANUFACTURE, AND COPYRIGHT NOTICE
Place of production, publication, distribution, manufacture القاهرة :
Name of producer, publisher, distributor, manufacturer المركز القومي للترجمة،
Date of production, publication, distribution, manufacture, or copyright notice 2011.
300 ## - PHYSICAL DESCRIPTION
Extent مجلدات ؛
Dimensions 24 سم
336 ## - CONTENT TYPE
Source rdacontent
Content type term text
337 ## - MEDIA TYPE
Source rdamedia
Media type term Unmediated
338 ## - CARRIER TYPE
Source rdacarrier
Carrier type term volume
490 ## - SERIES STATEMENT
Series statement ميراث الترجمة ؛
Volume/sequential designation العدد 1881
500 ## - GENERAL NOTE
General note المكتبة تقتني الجزء الاول فقط.
504 ## - BIBLIOGRAPHY, ETC. NOTE
Bibliography, etc. note يشتمل على ارجاعات ببليوجرافية.
541 ## - IMMEDIATE SOURCE OF ACQUISITION NOTE
Source of acquisition د. جابر عصفور ؛
Address القاهرة ؛
Method of acquisition إهداء ؛
Date of acquisition 2024.
650 1# - SUBJECT ADDED ENTRY--TOPICAL TERM
Topical term or geographic name entry element العلوم
General subdivision تاريخ
Source of heading or term qrmak
650 1# - SUBJECT ADDED ENTRY--TOPICAL TERM
Topical term or geographic name entry element العلوم
General subdivision تاريخ
Geographic subdivision اليونان
651 1# - SUBJECT ADDED ENTRY--GEOGRAPHIC NAME
Source of heading or term qrmak
700 1# - ADDED ENTRY--PERSONAL NAME
Personal name سالم، أحمد شكري
Relator term مترجم.
700 1# - ADDED ENTRY--PERSONAL NAME
Personal name أبو الليف، حسين كامل
Relator term مراجع.
905 ## - Cataloger and Reviser Names
Cataloger Name Asmaa
942 ## - ADDED ENTRY ELEMENTS (KOHA)
Source of classification or shelving scheme Dewey Decimal Classification
Koha item type Books
Edition 21
Suppress in OPAC No
المقتنيات
Withdrawn status Lost status Source of classification or shelving scheme Damaged status Not for loan Home library Current library Date acquired Inventory number Total checkouts Full call number Barcode Date last seen Price effective from Koha item type
    Dewey Decimal Classification   Not for loan المكتبة المركزبة الجديدة - جامعة القاهرة قاعة المكتبات المهداة - الدور الرابع 17.06.2026 175485   509 F246 J.U. 01000100175485000 17.06.2026 17.06.2026 Books
Cairo University Libraries Portal Implemented & Customized by: Eng. M. Mohamady Contacts: new-lib@cl.cu.edu.eg | cnul@cl.cu.edu.eg
CUCL logo CNUL logo
© All rights reserved — Cairo University Libraries
CUCL logo
Implemented & Customized by: Eng. M. Mohamady Contact: new-lib@cl.cu.edu.eg © All rights reserved — New Central Library
CNUL logo
Implemented & Customized by: Eng. M. Mohamady Contact: cnul@cl.cu.edu.eg © All rights reserved — Cairo National University Library